|
|
|
|
| LEADER |
01060nam a2200325 4500 |
| 001 |
000008531 |
| 003 |
4721 |
| 005 |
20111028141030.0 |
| 008 |
111019s1979 viesd |
| 041 |
0 |
|
|a vie
|
| 082 |
|
|
|a 540
|b AL-G
|
| 100 |
0 |
|
|a G.Alexit
|
| 245 |
1 |
0 |
|a Các phương pháp toán học trong hóa học
|b (sách bồi dưỡng giáo viên)
|c G.Alexit, S.Fenio
|n T.1
|
| 260 |
|
|
|a H.
|b Giáo dục
|c 1979
|
| 300 |
|
|
|a 239tr
|c 20cm
|
| 653 |
|
|
|a Toán học
|
| 653 |
|
|
|a Hóa học
|
| 700 |
|
|
|a Nguyễn Mạnh Quý
|e Dịch
|
| 700 |
|
|
|a Trần Lương Tuấn
|e Dịch
|
| 773 |
|
|
|w 4719
|
| OWN |
|
|
|a LSP
|
| AVA |
|
|
|a UDN50
|b LSP
|d 540 AL-G
|e unavailable
|t Error 5002 Not defined in file expand_doc_bib_avail.
|f 1
|g 1
|h N
|i 0
|k 1
|
| 999 |
|
|
|a From the UDN01
|
| AVA |
|
|
|a UDN50
|b LSP
|d 540 AL-G
|e unavailable
|t Error 5002 Not defined in file expand_doc_bib_avail.
|f 1
|g 1
|h N
|i 0
|k 1
|
| TYP |
|
|
|a Monograph
|
| TYP |
|
|
|a Printed language
|
| 980 |
|
|
|a Mạng thư viện Đại học Đà Nẵng
|